[Event "ICS rated blitz match"]
[Site "204.178.125.65"]
[Date "2001.07.19"]
[Round "?"]
[White "Tinker"]
[Black "Hossa"]
[Result "1-0"]
[WhiteElo "2529"]
[BlackElo "2656"]
[PlyCount "58"]
[EventDate "2001.??.??"]

1. e4 c5 2. Nf3 d6 3. d4 cxd4 4. Nxd4 Nf6 5. Nc3 a6 6. Bg5 e6 7. f4 Be7 8. Qf3
Qc7 9. O-O-O Nbd7 10. g4 b5 11. Bxf6 Nxf6 12. g5 Nd7 13. a3 Bb7 14. Bh3 Rc8 15.
Bxe6 fxe6 16. Nxe6 Qc4 17. Nxg7+ Kf8 18. Nf5 Nc5 19. Qh3 Qe6 20. Nd5 Bxd5 21.
exd5 Qe4 22. Rhe1 Nb3+ 23. Kb1 Qxc2+ 24. Ka2 h6 25. Nxe7 Rc4 26. Qe6 Rxf4 27.
Qxd6 Ke8 28. Nc6+ Re4 29. Rxe4+ Qxe4 {Hossa resigns} 1-0

[Event "ICS rated blitz match"]
[Site "204.178.125.65"]
[Date "2001.07.19"]
[Round "?"]
[White "Hossa"]
[Black "Tinker"]
[Result "1-0"]
[WhiteElo "2634"]
[BlackElo "2551"]
[PlyCount "101"]
[EventDate "2001.??.??"]

1. e4 c5 2. Nf3 d6 3. d4 cxd4 4. Nxd4 Nf6 5. Nc3 a6 6. Bg5 e5 7. Nf3 Be7 8. Qd2
Bg4 9. h3 Bxf3 10. gxf3 h6 11. Be3 Qc7 12. Rg1 Kf8 13. O-O-O Nbd7 14. Nd5 Nxd5
15. Qxd5 Rc8 16. c3 Rh7 17. Be2 a5 18. Bb5 Nb6 19. Qb3 Nc4 20. Bxc4 Qxc4 21.
Qxb7 a4 22. a3 Rc7 23. Qa8+ Rc8 24. Qd5 Qe2 25. f4 Re8 26. fxe5 dxe5 27. Rd2
Qf3 28. Rg3 Qf6 29. Qb5 Ra8 30. Rd7 Kg8 31. Qd5 Re8 32. Ra7 Bf8 33. Rg1 Rb8 34.
Rxa4 Rd8 35. Ra6 Qxa6 36. Qxd8 Qc4 37. Qe8 f6 38. Qd8 Kf7 39. Qd5+ Qxd5 40.
exd5 Rh8 41. c4 Bd6 42. c5 Rc8 43. b4 Bf8 44. c6 g5 45. Kb2 Rb8 46. Rc1 h5 47.
Bc5 Bxc5 48. Rxc5 Ke7 49. b5 Kd6 50. c7 Rxb5+ 51. Rxb5 {Tinker resigns} 1-0

[Event "ICS rated blitz match"]
[Site "204.178.125.65"]
[Date "2001.07.20"]
[Round "?"]
[White "Mink"]
[Black "Hossa"]
[Result "1-0"]
[WhiteElo "2672"]
[BlackElo "2646"]
[PlyCount "115"]
[EventDate "2001.??.??"]

1. e4 c5 2. Nf3 e6 3. d4 cxd4 4. Nxd4 Nf6 5. Nc3 d6 6. f4 Nbd7 7. Bb5 a6 8. Bc4
b5 9. Bd3 Bb7 10. Qe2 b4 11. Na4 e5 12. Nf5 Qc7 13. O-O Qc6 14. b3 Nxe4 15. Re1
Nc3 16. Nxc3 bxc3 17. Be3 Nc5 18. Rad1 g6 19. Nd4 Qc7 20. fxe5 dxe5 21. Nb5
axb5 22. Bxb5+ Bc6 23. Bd4 O-O-O 24. Bxe5 Rd2 25. Rxd2 cxd2 26. Bxc7 dxe1=Q+
27. Qxe1 Bxb5 28. Bg3 Ne6 29. Qc3+ Bc5+ 30. Bf2 Rd8 31. Bxc5 Rd1+ 32. Kf2 Bc6
33. Be3 Kb7 34. Qf6 Rd7 35. c4 Be4 36. b4 Bd3 37. Qf3+ Kc7 38. b5 Kd6 39. c5+
Ke7 40. c6 Rd8 41. Bb6 Ra8 42. Qxd3 Rxa2+ 43. Kf3 Ng5+ 44. Ke3 Ne6 45. c7 Ra8
46. Qe4 Rc8 47. Bc5+ Kf6 48. Bd4+ Ke7 49. b6 Rxc7 50. bxc7 Kd7 51. Bb6 Nxc7 52.
Qb7 Ke6 53. Qc6+ Kf5 54. Bxc7 Kg4 55. Qf3+ Kg5 56. h4+ Kxh4 57. Bf4 f6 58. Qh3#
{Hossa checkmated} 1-0

[Event "ICS rated blitz match"]
[Site "204.178.125.65"]
[Date "2001.07.20"]
[Round "?"]
[White "AvernoX"]
[Black "Hossa"]
[Result "0-1"]
[WhiteElo "2262"]
[BlackElo "2641"]
[PlyCount "51"]
[EventDate "2001.??.??"]

1. Nf3 d5 2. d4 c5 3. g3 cxd4 4. Bg2 Qa5+ 5. Kf1 Qd8 6. Bf4 e6 7. Bxb8 Rxb8 8.
Qxd4 Bd7 9. Ne5 Qf6 10. Nd2 Rd8 11. Ndf3 Bd6 12. Re1 Bb5 13. Kg1 Rc8 14. c3 Nh6
15. a4 Nf5 16. Qxa7 Ba6 17. Nd3 Qd8 18. a5 Qxa5 19. Nd4 Bb8 20. b4 Qd8 21. Nc6
Rxc6 22. Qa8 Rc8 23. b5 Bxg3 24. Qxc8 Qxc8 25. bxa6 Bb8 26. c4 {AvernoX resigns
} 0-1

[Event "ICS rated bullet match"]
[Site "204.178.125.65"]
[Date "2001.07.20"]
[Round "?"]
[White "Hossa"]
[Black "Crawly"]
[Result "0-1"]
[WhiteElo "2586"]
[BlackElo "2822"]
[PlyCount "180"]
[EventDate "2001.??.??"]

1. e4 c5 2. Nf3 d6 3. d4 cxd4 4. Nxd4 Nf6 5. Nc3 a6 6. Bg5 e6 7. f4 Qb6 8. Nb3
Nbd7 9. Qd2 Be7 10. O-O-O O-O 11. Kb1 Qc7 12. g4 b5 13. Bd3 Bb7 14. Qe1 Rac8
15. h4 Rfe8 16. Rg1 b4 17. Na4 a5 18. Nd4 Bc6 19. Nxc6 Qxc6 20. Qe2 Rcd8 21.
Bxf6 Nxf6 22. Bb5 Qxe4 23. Qxe4 Nxe4 24. Bxe8 Rxe8 25. g5 d5 26. Rd3 Bd6 27.
Rf1 Rc8 28. Kc1 Kf8 29. Rff3 Ke7 30. Kd1 h6 31. a3 hxg5 32. hxg5 Rh8 33. axb4
Rh1+ 34. Ke2 Rh2+ 35. Kd1 axb4 36. Rde3 Nd2 37. Rh3 Rxh3 38. Rxh3 Bxf4 39. Rh4
Bxg5 40. Rxb4 Ne4 41. c4 dxc4 42. Rxc4 Nd6 43. Rc7+ Kd8 44. Ra7 Be3 45. Ra8+
Kc7 46. Ke2 Bf4 47. b4 g5 48. Nc5 e5 49. Rg8 e4 50. Rf8 Kc6 51. Nb3 g4 52. Nc5
g3 53. Ne6 g2 54. Nd8+ Kd7 55. Kf2 Bh6 56. Rg8 Bd2 57. b5 e3+ 58. Kf3 g1=N+ 59.
Rxg1 Kxd8 60. Rg5 Kd7 61. Rh5 Nc8 62. Rh7 Ke6 63. Rh8 Nb6 64. Rb8 Nd7 65. Rh8
Kd6 66. Rh5 f6 67. Ke2 Nb6 68. Kd3 Nd5 69. Rh4 Ba5 70. Rh6 Kc5 71. Rh5 Bb6 72.
Rf5 Kd6 73. Rf1 Ke5 74. Ra1 f5 75. Ra8 Nf4+ 76. Kc2 e2 77. Kd2 Be3+ 78. Ke1 Ke4
79. Ra2 Kf3 80. Rxe2 Nxe2 81. b6 Bxb6 82. Kd2 f4 83. Kd3 Nd4 84. Kc4 Ke4 85.
Kc3 f3 86. Kc4 f2 87. Kc3 Ba5+ 88. Kb2 f1=Q 89. Ka2 Bc3 90. Ka3 Qa1# {
Hossa checkmated} 0-1

[Event "ICS rated blitz match"]
[Site "204.178.125.65"]
[Date "2001.07.20"]
[Round "?"]
[White "Hossa"]
[Black "K-Mohsen"]
[Result "1-0"]
[WhiteElo "2644"]
[BlackElo "2038"]
[PlyCount "43"]
[EventDate "2001.??.??"]

1. d4 Nf6 2. Nf3 d6 3. Nc3 Bg4 4. e4 Nbd7 5. Be2 e5 6. O-O g6 7. dxe5 dxe5 8.
h3 Bxf3 9. Bxf3 Bg7 10. Be3 O-O 11. Nd5 c6 12. Nxf6+ Bxf6 13. Bg4 Nb6 14. Qc1
Nc4 15. Bh6 Bg7 16. Rd1 Qc7 17. Rd7 Qb6 18. b3 Na5 19. Be3 Qa6 20. Qe1 Rad8 21.
Be2 b5 22. Rxa7 {K-Mohsen resigns} 1-0

[Event "ICS rated blitz match"]
[Site "204.178.125.65"]
[Date "2001.07.20"]
[Round "?"]
[White "K-Mohsen"]
[Black "Hossa"]
[Result "0-1"]
[WhiteElo "2037"]
[BlackElo "2645"]
[PlyCount "50"]
[EventDate "2001.??.??"]

1. e4 Nf6 2. Nc3 e5 3. f4 exf4 4. Nf3 d5 5. e5 Ng4 6. d4 Ne3 7. Bxe3 fxe3 8.
Qd3 Bb4 9. Qxe3 O-O 10. Bd3 c5 11. O-O c4 12. Be2 Nc6 13. Nd1 f6 14. c3 Be7 15.
exf6 Bxf6 16. Qf2 Be6 17. Qg3 Qb8 18. Qxb8 Raxb8 19. b4 Bd7 20. Ne3 Rbe8 21.
Kf2 Nxd4 22. Nxd4 Bxd4+ 23. Bf3 Bxe3+ 24. Kg3 Bf4+ 25. Kf2 Bd2 {
K-Mohsen resigns} 0-1

[Event "ICS rated blitz match"]
[Site "204.178.125.65"]
[Date "2001.07.20"]
[Round "?"]
[White "Hossa"]
[Black "GiuliaI"]
[Result "1-0"]
[WhiteElo "2646"]
[BlackElo "2359"]
[PlyCount "103"]
[EventDate "2001.??.??"]

1. e4 e5 2. Nf3 Nc6 3. Bb5 a6 4. Ba4 Nf6 5. d4 Nxe4 6. dxe5 Nc5 7. Bxc6 bxc6 8.
Nd4 Ne6 9. Nxe6 fxe6 10. Qg4 Qe7 11. Nc3 Qf7 12. Ne4 Be7 13. Qf4 O-O 14. Qxf7+
Rxf7 15. Bg5 Bxg5 16. Nxg5 Rf5 17. Nf3 c5 18. Rd1 h6 19. Ke2 Rf7 20. Rd3 Bb7
21. Rhd1 Bxf3+ 22. Rxf3 Rxf3 23. Kxf3 Rd8 24. c4 Kf7 25. h4 g6 26. Rd3 Ke7 27.
Ra3 Ra8 28. Ke3 d6 29. f4 Kd7 30. Rd3 Kc6 31. Ke4 Rb8 32. b3 Rd8 33. Rg3 Rg8
34. h5 g5 35. fxg5 hxg5 36. Rh3 Rf8 37. h6 Kd7 38. h7 Rh8 39. exd6 cxd6 40. Kf3
Ke7 41. Rh6 Kf7 42. Kg4 d5 43. cxd5 exd5 44. Rxa6 Rxh7 45. Ra7+ Kg6 46. Rxh7
Kxh7 47. Kxg5 c4 48. bxc4 dxc4 49. Kf4 Kg7 50. a4 Kf8 51. a5 Ke7 52. a6 {
GiuliaI resigns} 1-0

[Event "ICS Rated blitz match"]
[Site "204.178.125.65"]
[Date "2001.07.20"]
[Round "?"]
[White "Kair"]
[Black "Hossa"]
[Result "1-0"]
[WhiteElo "2663"]
[BlackElo "2647"]
[PlyCount "68"]
[EventDate "2001.??.??"]

1. d4 Nf6 2. Nf3 d5 3. Bf4 e6 4. e3 Bd6 5. Bd3 Bxf4 6. exf4 Qd6 7. Qd2 Ne4 8.
Qc1 b6 9. O-O Ba6 10. Re1 O-O 11. Na3 Qd8 12. c4 Kh8 13. Qe3 Nf6 14. Ne5 dxc4
15. Naxc4 c6 16. f5 Nd5 17. Qe4 Bxc4 18. Bxc4 a5 19. fxe6 fxe6 20. Bd3 g6 21.
Rac1 Qf6 22. f3 Nb4 23. a3 Nxd3 24. Qxd3 Rc8 25. Ng4 Qf7 26. Qc3 Qg7 27. Rxe6
b5 28. Rce1 h5 29. Ne5 Rg8 30. Nxg6+ Qxg6 31. Rxg6 Rxg6 32. Re8+ Rg8 33. d5+
Kh7 34. Re7+ Kg6 {Hossa resigns} 1-0

[Event "ICS rated blitz match"]
[Site "204.178.125.65"]
[Date "2001.07.20"]
[Round "?"]
[White "cfd"]
[Black "Hossa"]
[Result "0-1"]
[WhiteElo "2244"]
[BlackElo "2632"]
[PlyCount "70"]
[EventDate "2001.??.??"]

1. d4 Nf6 2. e3 e6 3. Bd3 Nc6 4. Nf3 d5 5. Nbd2 Bd6 6. c4 Nb4 7. Bb1 dxc4 8.
Nxc4 Be7 9. O-O O-O 10. Nfe5 Rb8 11. a3 Na6 12. b4 Bd7 13. Bd3 Bb5 14. Qc2 Bd6
15. Bb2 Qe7 16. h3 Rbd8 17. Rac1 Nb8 18. Nxd6 Bxd3 19. Qxd3 cxd6 20. Nf3 Rc8
21. e4 d5 22. e5 Ne4 23. Nd2 Nxd2 24. Qxd2 Rc4 25. Rxc4 dxc4 26. a4 Rc8 27. b5
Nd7 28. Qc3 Nb6 29. Ra1 Nd5 30. Qa3 Qg5 31. Rc1 b6 32. g3 Qd2 33. Bc3 Qd3 34.
Bb2 c3 35. Ba1 Qxd4 {cfd resigns} 0-1

[Event "ICS rated blitz match"]
[Site "204.178.125.65"]
[Date "2001.07.20"]
[Round "?"]
[White "Hossa"]
[Black "Tinker"]
[Result "1-0"]
[WhiteElo "2635"]
[BlackElo "2539"]
[PlyCount "79"]
[EventDate "2001.??.??"]

1. d4 Nf6 2. c4 e6 3. Nc3 Bb4 4. e3 c5 5. Nge2 cxd4 6. exd4 d5 7. a3 Be7 8.
cxd5 Nxd5 9. Nxd5 Qxd5 10. Nc3 Qd8 11. Bc4 Nc6 12. d5 exd5 13. Nxd5 Bd6 14. O-O
Qh4 15. Qe2+ Be6 16. g3 Qh3 17. Rd1 Kf8 18. Bf4 Bxf4 19. Nxf4 Bxc4 20. Qxc4 Qc8
21. Rd5 Kg8 22. Rad1 Qf8 23. Nh5 Ne7 24. Rd7 Ng6 25. Rxb7 a6 26. b4 h6 27. f4
Rh7 28. Rdd7 Nh8 29. Rbc7 Qe8 30. Kg2 a5 31. bxa5 Rb8 32. Kf3 Qf8 33. Qc3 Ra8
34. Kf2 Qe8 35. a4 Qf8 36. g4 Ng6 37. Rxf7 Qxf7 38. Rxf7 Kxf7 39. Qb3+ Kf8 40.
Qd3 {Tinker resigns} 1-0

[Event "ICS rated blitz match"]
[Site "204.178.125.65"]
[Date "2001.07.20"]
[Round "?"]
[White "Hossa"]
[Black "Playing-h9"]
[Result "1-0"]
[WhiteElo "2647"]
[BlackElo "2313"]
[PlyCount "107"]
[EventDate "2001.??.??"]

1. d4 Nf6 2. c4 d6 3. Nf3 Nbd7 4. Nc3 e5 5. e4 Be7 6. Be2 O-O 7. O-O c6 8. dxe5
dxe5 9. Qc2 Qc7 10. Rd1 a5 11. Ng5 h6 12. Nf3 Nc5 13. Be3 Ne6 14. Nh4 Bc5 15.
Bxc5 Nxc5 16. Rd2 Be6 17. Nf3 Bg4 18. Rad1 Ne6 19. b3 Rfd8 20. Rd3 Rxd3 21.
Rxd3 Rd8 22. Rxd8+ Nxd8 23. Nh4 Be6 24. Na4 Nd7 25. c5 f6 26. Qd3 Nf7 27. Bh5
Kf8 28. a3 g5 29. Nf3 Nd8 30. Nd2 Bf7 31. Bg4 Ne6 32. Qd6+ Qxd6 33. cxd6 Ke8
34. b4 axb4 35. Bxe6 Bxe6 36. axb4 Kd8 37. Kf1 f5 38. Nc5 Nxc5 39. bxc5 Kd7 40.
Nf3 Bc4+ 41. Ke1 fxe4 42. Nxe5+ Ke6 43. Nxc4 h5 44. Ke2 g4 45. Ke3 Kd7 46. Nb6+
Kd8 47. g3 Ke8 48. d7+ Kd8 49. Kxe4 Kc7 50. Kf5 Kd8 51. Kf6 Kc7 52. Ke7 Kb8 53.
d8=R+ Ka7 54. Ra8# {Playing-h9 checkmated} 1-0

[Event "ICS rated blitz match"]
[Site "204.178.125.65"]
[Date "2001.07.20"]
[Round "?"]
[White "Tiger14"]
[Black "Hossa"]
[Result "1-0"]
[WhiteElo "2849"]
[BlackElo "2651"]
[PlyCount "96"]
[EventDate "2001.??.??"]

1. d4 Nf6 2. c4 e6 3. Nf3 d5 4. Nc3 c6 5. e3 Nbd7 6. Qc2 Bd6 7. b3 O-O 8. Be2
e5 9. cxd5 Nxd5 10. Nxd5 cxd5 11. dxe5 Nxe5 12. Bb2 Bb4+ 13. Kf1 Nxf3 14. Bxf3
Be6 15. Ke2 Rc8 16. Qd3 Qd6 17. a3 Bc5 18. Rhd1 Rfd8 19. b4 Bb6 20. h3 Qh2 21.
Rh1 Qb8 22. Rhc1 Rc4 23. Rxc4 dxc4 24. Qc3 f6 25. Qc2 Qc8 26. Rc1 Rd6 27. Ke1
a5 28. Be4 f5 29. Bf3 axb4 30. axb4 Bc7 31. Ra1 Rd7 32. b5 Bd6 33. Ra4 Qf8 34.
Kf1 Qe8 35. b6 f4 36. exf4 Bxf4 37. Ra7 Rd2 38. Qc3 Rd7 39. Qe1 Qg6 40. Bh5
Qd3+ 41. Kg1 Bf7 42. Bg4 Rd8 43. Rxb7 Re8 44. Qxe8+ Bxe8 45. Be6+ Bf7 46. Bxf7+
Kf8 47. Bxg7+ Kxg7 48. Bxc4+ Kf6 {Hossa resigns} 1-0

[Event "ICS rated blitz match"]
[Site "204.178.125.65"]
[Date "2001.07.20"]
[Round "?"]
[White "Tinker"]
[Black "Hossa"]
[Result "1-0"]
[WhiteElo "2527"]
[BlackElo "2643"]
[PlyCount "122"]
[EventDate "2001.??.??"]

1. e4 c5 2. Nf3 d6 3. d4 cxd4 4. Nxd4 Nf6 5. Nc3 a6 6. Bg5 e6 7. f4 Qb6 8. Nb3
Be7 9. Qf3 Nbd7 10. O-O-O Qc7 11. Bd3 b5 12. Rhe1 Bb7 13. a3 Rc8 14. Na2 O-O
15. Kb1 Rfe8 16. Rg1 d5 17. e5 Ne4 18. Bxe7 Rxe7 19. Nd4 Ndc5 20. Be2 f6 21.
exf6 Nxf6 22. Rgf1 Nce4 23. Qb3 Nd6 24. Nc3 Nc4 25. g4 Na5 26. Qb4 Nc6 27. Nxc6
Bxc6 28. Qb3 Rf7 29. h4 Nd7 30. f5 Nc5 31. Qb4 Bb7 32. fxe6 Rxf1 33. Bxf1 Nxe6
34. Bg2 Nf4 35. Bf3 Kh8 36. Qb3 Qc5 37. Nxd5 Bxd5 38. Bxd5 Nxd5 39. Qxd5 Qxc2+
40. Ka2 h6 41. g5 Rc3 42. Rd4 Rc6 43. Re4 Rc8 44. gxh6 Qc7 45. hxg7+ Qxg7 46.
Re6 Qg4 47. Rxa6 Qc4+ 48. Qxc4 Rxc4 49. Ra5 Rxh4 50. Rxb5 Rh2 51. a4 Kg7 52. a5
Kf6 53. a6 Rh8 54. Ra5 Ke7 55. a7 Ra8 56. Ka3 Kd6 57. Ka4 Kc7 58. Kb5 Rf8 59.
a8=Q Rf5+ 60. Kc4 Rf4+ 61. Kc3 Rf1 {Hossa resigns} 1-0

[Event "ICS rated blitz match"]
[Site "204.178.125.65"]
[Date "2001.07.20"]
[Round "?"]
[White "Hossa"]
[Black "Tinker"]
[Result "1-0"]
[WhiteElo "2622"]
[BlackElo "2548"]
[PlyCount "141"]
[EventDate "2001.??.??"]

1. d4 Nf6 2. c4 e6 3. Nc3 Bb4 4. e3 c5 5. Nge2 cxd4 6. exd4 d5 7. a3 Be7 8.
cxd5 Nxd5 9. Nxd5 Qxd5 10. Nc3 Qd8 11. Bc4 Nc6 12. d5 exd5 13. Nxd5 O-O 14. O-O
Ne5 15. Bb5 Be6 16. Nxe7+ Qxe7 17. Qe2 Bg4 18. Qe4 f5 19. Qe3 f4 20. Qe4 Qf6
21. Re1 Nc6 22. Bd2 Kh8 23. Bxc6 bxc6 24. Bc3 Qf7 25. Bb4 Rfd8 26. Qxc6 Rac8
27. Qa6 f3 28. Re7 Qh5 29. Qa5 Qg6 30. Qxa7 Rd7 31. Rxd7 Bxd7 32. g3 Qe6 33.
Kh1 Qa2 34. Re1 Qd5 35. Bc3 Rf8 36. Qc7 Rg8 37. Kg1 Bb5 38. Qe5 Qb7 39. Rd1 Be2
40. Rd5 Bc4 41. Rd4 Qf7 42. Rg4 Bd5 43. Qg5 Qd7 44. Rh4 Bf7 45. Bd4 Qe6 46. Be5
Qd7 47. Qc1 Qf5 48. Rf4 Qxe5 49. Rxf7 Qe2 50. Rc7 Qe6 51. b4 Rd8 52. Rc3 Qf5
53. h4 Qg4 54. Kh2 Rf8 55. Rc4 Qe6 56. Rf4 Kg8 57. Rxf8+ Kxf8 58. Qf4+ Qf7 59.
a4 Qxf4 60. gxf4 Ke7 61. h5 Kd6 62. Kh3 Kd5 63. Kg4 Kc4 64. a5 Kb5 65. Kg5 Ka6
66. h6 g6 67. Kf6 Kb5 68. Kg7 Ka6 69. Kxh7 Kb5 70. Kxg6 Kxb4 71. a6 {
Tinker resigns} 1-0

[Event "ICS rated blitz match"]
[Site "204.178.125.65"]
[Date "2001.07.20"]
[Round "?"]
[White "Tinker"]
[Black "Hossa"]
[Result "1-0"]
[WhiteElo "2535"]
[BlackElo "2635"]
[PlyCount "84"]
[EventDate "2001.??.??"]

1. e4 c5 2. Nf3 Nc6 3. d4 cxd4 4. Nxd4 Qb6 5. Nb3 Nf6 6. Nc3 e6 7. Bd3 d6 8.
O-O Be7 9. Be3 Qd8 10. Nd4 O-O 11. Kh1 Nxd4 12. Bxd4 b6 13. f4 Kh8 14. Bxf6
Bxf6 15. e5 dxe5 16. Qf3 Rb8 17. fxe5 Bb7 18. Qh3 Bh4 19. Rf4 g5 20. Rf6 Qd4
21. Rh6 Qxe5 22. Rxh7+ Kg8 23. Qg4 Be1 24. Nb5 Rbd8 25. Rh5 Bd2 26. Qh3 f5 27.
Rh6 Rf7 28. Rd1 Bf4 29. Rf1 Qxb2 30. Rg6+ Rg7 31. Rxe6 Bd5 32. Qxf5 Bxa2 33. c4
Rf7 34. Qh3 Rg7 35. Rh6 Kf8 36. Rh8+ Ke7 37. Re1+ Be5 38. Qf5 Rxh8 39. Rxe5+
Qxe5 40. Qxe5+ Kf8 41. Nd6 Rb7 42. Qxh8+ Ke7 {Hossa resigns} 1-0

[Event "ICS rated blitz match"]
[Site "204.178.125.65"]
[Date "2001.07.20"]
[Round "?"]
[White "Hossa"]
[Black "sekere"]
[Result "1-0"]
[WhiteElo "2615"]
[BlackElo "2280"]
[PlyCount "71"]
[EventDate "2001.??.??"]

1. e4 e6 2. d4 d5 3. Nc3 Nf6 4. e5 Nfd7 5. Nce2 c5 6. c3 Be7 7. Nf4 Nc6 8. Nh5
O-O 9. Qg4 g6 10. Bh6 Re8 11. Ng7 Rf8 12. O-O-O cxd4 13. cxd4 Nb6 14. Nh5 Re8
15. Kb1 Bd7 16. Ng7 Rf8 17. Rc1 Rc8 18. Nh5 Re8 19. Nf3 Na5 20. Rxc8 Bxc8 21.
Ng7 Rf8 22. h4 Nac4 23. h5 Qc7 24. hxg6 fxg6 25. Nh5 Rf7 26. Bd3 Bf8 27. Nf6+
Rxf6 28. exf6 Qf7 29. Qh4 Bxh6 30. Qxh6 Bd7 31. b3 Nd6 32. Ne5 Qxf6 33. Qxh7+
Kf8 34. Nxg6+ Ke8 35. Qg8+ Qf8 36. Qxf8# {sekere checkmated} 1-0

[Event "ICS rated blitz match"]
[Site "204.178.125.65"]
[Date "2001.07.20"]
[Round "?"]
[White "Tzara"]
[Black "Hossa"]
[Result "0-1"]
[WhiteElo "2200"]
[BlackElo "2619"]
[PlyCount "34"]
[EventDate "2001.??.??"]

1. d4 Nf6 2. Bg5 d6 3. Nf3 c6 4. c4 Ne4 5. Bf4 c5 6. d5 e5 7. Bc1 Be7 8. Qc2
Bf5 9. Qb3 Na6 10. Qxb7 Nb4 11. Qb5+ Bd7 12. Qb7 Nc2+ 13. Kd1 Nxa1 14. Be3 Rb8
15. Qxa7 Rxb2 16. Nbd2 Nc3+ 17. Kc1 Rc2# {Tzara checkmated} 0-1

[Event "ICS rated blitz match"]
[Site "204.178.125.65"]
[Date "2001.07.20"]
[Round "?"]
[White "Hossa"]
[Black "Tzara"]
[Result "1-0"]
[WhiteElo "2619"]
[BlackElo "2211"]
[PlyCount "47"]
[EventDate "2001.??.??"]

1. e4 d6 2. d4 Nf6 3. Nc3 g6 4. Bc4 Bg7 5. Bf4 O-O 6. Nge2 c6 7. O-O b5 8. Bd3
a6 9. Qd2 Nbd7 10. Bh6 e5 11. Bxg7 Kxg7 12. Rfd1 Qc7 13. Qg5 Bb7 14. dxe5 dxe5
15. Ng3 Rad8 16. a4 Rfe8 17. Nf5+ Kh8 18. Nh6 Kg7 19. axb5 axb5 20. Ra7 Qb6 21.
Nf5+ Kg8 22. Rda1 Kh8 23. Nd6 Re6 24. Nxf7+ {Tzara resigns} 1-0

[Event "ICS rated blitz match"]
[Site "204.178.125.65"]
[Date "2001.07.20"]
[Round "?"]
[White "Hossa"]
[Black "perucho"]
[Result "0-1"]
[WhiteElo "2634"]
[BlackElo "2802"]
[PlyCount "109"]
[EventDate "2001.??.??"]

1. d4 e6 2. c4 Bb4+ 3. Bd2 a5 4. Nf3 d6 5. g3 Nc6 6. Bxb4 axb4 7. Bg2 Nf6 8.
O-O O-O 9. Nbd2 Re8 10. Qc2 e5 11. d5 Nb8 12. Ng5 Bg4 13. Rfe1 b6 14. Nb3 h6
15. Ne4 Nxe4 16. Bxe4 Nd7 17. f3 Bh3 18. Bh7+ Kf8 19. Bf5 Bxf5 20. Qxf5 g6 21.
Qh3 Kg7 22. e4 Ra4 23. f4 Qe7 24. f5 Rea8 25. Nc1 Nc5 26. Rb1 Qg5 27. Qf1 Qd2
28. fxg6 fxg6 29. Qf2 Qxf2+ 30. Kxf2 Rf8+ 31. Ke3 g5 32. h3 h5 33. b3 Raa8 34.
Rb2 g4 35. hxg4 hxg4 36. Rf2 Rxf2 37. Kxf2 Rf8+ 38. Kg2 Rf3 39. Re2 Rc3 40. Re1
Kg6 41. Kh2 Rc2+ 42. Kg1 Nxe4 43. Rxe4 Rxc1+ 44. Kf2 Kf5 45. Re2 e4 46. Re3 Ke5
47. Re2 Kd4 48. Rd2+ Kc3 49. Re2 Kd3 50. Re3+ Kd4 51. Re2 Rd1 52. Kg2 e3 53.
Kh2 Kd3 54. Rg2 Ke4 55. c5 {Hossa resigns} 0-1

[Event "ICS rated blitz match"]
[Site "204.178.125.65"]
[Date "2001.07.20"]
[Round "?"]
[White "perucho"]
[Black "Hossa"]
[Result "1-0"]
[WhiteElo "2811"]
[BlackElo "2625"]
[PlyCount "72"]
[EventDate "2001.??.??"]

1. e4 c5 2. c3 d5 3. exd5 Qxd5 4. d4 e6 5. Nf3 Nf6 6. Be3 cxd4 7. cxd4 Bb4+ 8.
Nc3 Qc6 9. Rc1 O-O 10. Bd3 Qd5 11. a3 Bxc3+ 12. Rxc3 Ne4 13. Rc1 b6 14. Qa4 Bb7
15. Rc7 Nf6 16. Bc4 Qe4 17. O-O Bd5 18. Rc1 Bxc4 19. R1xc4 Qb1+ 20. Bc1 Qf5 21.
Rb7 Nd5 22. Qd1 h6 23. Ne5 Qe4 24. f3 Qb1 25. Qe2 Qf5 26. b4 h5 27. Qe1 Kh7 28.
g4 hxg4 29. fxg4 Qf6 30. g5 Qf5 31. Rxf7 Rxf7 32. g6+ Qxg6+ 33. Nxg6 Rf6 34.
Nf4 Nxf4 35. Qe4+ Rg6+ 36. Kh1 Nd5 {Hossa resigns} 1-0

[Event "ICS rated blitz match"]
[Site "204.178.125.65"]
[Date "2001.07.20"]
[Round "?"]
[White "Hossa"]
[Black "perucho"]
[Result "0-1"]
[WhiteElo "2617"]
[BlackElo "2819"]
[PlyCount "113"]
[EventDate "2001.??.??"]

1. e4 c5 2. c3 d6 3. d4 Nf6 4. dxc5 Nc6 5. f3 d5 6. exd5 Nxd5 7. Bb5 e6 8. Qd4
Bd7 9. Bxc6 Bxc6 10. Ne2 Qc7 11. b4 b6 12. Na3 bxc5 13. bxc5 e5 14. Qg4 g6 15.
Qc4 Qe7 16. Ng3 f5 17. Bd2 Qxc5 18. Qxc5 Bxc5 19. Nc4 O-O-O 20. Rb1 Nf4 21.
Bxf4 exf4 22. Ne2 Rhe8 23. Na5 Ba4 24. Nb3 Bb5 25. Rb2 Ba3 26. Rc2 Bd3 27. Rd2
Re3 28. Kf2 Bxe2 29. Rxe2 Rxc3 30. Rhe1 Bb4 31. Rb1 a5 32. Kf1 Kc7 33. h3 Rd5
34. Reb2 Ba3 35. Re2 a4 36. Na1 Rdc5 37. Re7+ Kd6 38. Rbe1 R5c4 39. Re8 Bc5 40.
Rd8+ Kc7 41. Rdd1 Be3 42. h4 h6 43. Rb1 Bd4 44. Rbd1 Bf6 45. h5 g5 46. Re6 Rc6
47. Rxc6+ Kxc6 48. Re1 Kc5 49. Rb1 Ra3 50. Rc1+ Bc3 51. Nc2 Rxa2 52. Ke2 Kc4
53. Kd1 Rb2 54. Ra1 Rxc2 55. Rxa4+ Kd3 56. Ra6 Rxg2 57. Rd6+ {Hossa resigns}
0-1

[Event "ICS rated blitz match"]
[Site "204.178.125.65"]
[Date "2001.07.20"]
[Round "?"]
[White "perucho"]
[Black "Hossa"]
[Result "1-0"]
[WhiteElo "2827"]
[BlackElo "2609"]
[PlyCount "64"]
[EventDate "2001.??.??"]

1. Nf3 c5 2. c4 Nf6 3. Nc3 d5 4. cxd5 Nxd5 5. e3 Nc6 6. Nxd5 Qxd5 7. b3 Bg4 8.
Bb2 O-O-O 9. Be2 e5 10. d3 f6 11. O-O Bxf3 12. Bxf3 Qxd3 13. Bxc6 bxc6 14. Qg4+
Qd7 15. Qa4 Kb7 16. Rac1 Qd2 17. Bc3 Qe2 18. Rfe1 Qa6 19. Qg4 Qxa2 20. Red1 h5
21. Qe6 Rxd1+ 22. Rxd1 Bd6 23. Ra1 Qc2 24. Qxd6 Qxc3 25. Qd7+ Kb8 26. Qxa7+ Kc8
27. g3 Qb2 28. Kg2 Qxa1 29. Qxa1 Kb7 30. Qa5 Rc8 31. Qxc5 Rc7 32. Kh3 Rf7 {
Hossa resigns} 1-0

[Event "ICS rated blitz match"]
[Site "204.178.125.65"]
[Date "2001.07.20"]
[Round "?"]
[White "Hossa"]
[Black "MARRA"]
[Result "1-0"]
[WhiteElo "2602"]
[BlackElo "2160"]
[PlyCount "119"]
[EventDate "2001.??.??"]

1. e4 e5 2. Nf3 Nc6 3. Bb5 Nd4 4. Nxd4 exd4 5. O-O Bc5 6. Qg4 Kf8 7. d3 c6 8.
Ba4 d5 9. Qg3 Bd6 10. Bf4 Bxf4 11. Qxf4 Qf6 12. Qg3 Ne7 13. Qc7 g6 14. Bb3 Kg7
15. exd5 cxd5 16. Re1 Be6 17. Qxb7 Rhe8 18. Qc7 Qg5 19. f4 Qh4 20. g3 Qf6 21.
Na3 Nf5 22. Nb5 Ne3 23. Qe5 Bh3 24. Qxf6+ Kxf6 25. Nc7 Re7 26. Nxa8 h5 27. Ba4
h4 28. Rac1 hxg3 29. hxg3 Rb7 30. Rb1 Rb8 31. Nc7 Bg4 32. Rxe3 dxe3 33. Nxd5+
Kg7 34. Nxe3 Bf3 35. c4 Rh8 36. Kf2 Bb7 37. Nd5 Rh3 38. Kf3 Rh2 39. Be8 Rd2 40.
Ke3 Rg2 41. g4 Rxg4 42. Bd7 Rg3+ 43. Kd4 Rg2 44. a3 Rc2 45. a4 a5 46. Nc3 Rf2
47. b4 Rxf4+ 48. Ke3 Rf6 49. bxa5 Ra6 50. Rxb7 Rxa5 51. Bc6 Re5+ 52. Ne4 Ra5
53. Nd6 Kf6 54. Ne8+ Ke5 55. d4+ Ke6 56. Ke4 f5+ 57. Ke3 f4+ 58. Ke4 f3 59. d5+
Rxd5 60. cxd5# {MARRA checkmated} 1-0

[Event "ICS rated blitz match"]
[Site "204.178.125.65"]
[Date "2001.07.20"]
[Round "?"]
[White "jo"]
[Black "Hossa"]
[Result "0-1"]
[WhiteElo "2367"]
[BlackElo "2619"]
[PlyCount "92"]
[EventDate "2001.??.??"]

1. e4 c5 2. f4 e5 3. Nf3 exf4 4. d4 cxd4 5. Bxf4 Nc6 6. Bc4 Bc5 7. Nbd2 d6 8.
Qe2 Nf6 9. O-O-O O-O 10. Nb3 Bg4 11. h3 Bh5 12. Bg5 Re8 13. Nbd2 d5 14. Bxf6
gxf6 15. Bd3 dxe4 16. Bxe4 f5 17. g4 fxe4 18. gxh5 exf3 19. Qxf3 Ne5 20. Qf5 d3
21. Ne4 Be3+ 22. Kb1 dxc2+ 23. Kxc2 Qc8+ 24. Qxc8 Raxc8+ 25. Kb1 Red8 26. Rde1
Bd4 27. Nf6+ Kg7 28. Rhf1 Bxb2 29. h6+ Kg6 30. Re2 Rc1+ 31. Rxc1 Bxc1 32. Rxe5
Kxf6 33. Rb5 Bxh6 34. Rxb7 Be3 35. Kc2 Rd2+ 36. Kb3 Rh2 37. Rc7 Rxh3 38. Rc6+
Ke5 39. a4 Bd4+ 40. Kc4 Rc3+ 41. Kb5 Rxc6 42. Kxc6 h5 43. a5 h4 44. a6 h3 45.
Kb7 Kd6 46. Ka8 h2 {jo resigns} 0-1